La Europa transformada 1878-1919

محفوظ في:
التفاصيل البيبلوغرافية
المؤلف الرئيسي: Stone, Norman (مؤلف)
التنسيق: كتاب
اللغة:الإسبانية
منشور في: Ciudad de México Siglo Veintiuno 1985
سلاسل:Historia de Europa
الموضوعات:
الوسوم: إضافة وسم
لا توجد وسوم, كن أول من يضع وسما على هذه التسجيلة!

MARC

LEADER 00000nam a2200000 a 4500
001 UCX1459
003 CL-VaPUC
008 900827e19850000MX |||||||||||||||||spa|d
082 0 4 |a 940.28  |b STO  |2 21 
100 0 |a Stone, Norman  |e author  |9 316952 
245 1 3 |a La Europa transformada 1878-1919 
300 |a 506 p 
942 |c BK 
945 |d 19900827 00:00:00 
260 |a Ciudad de México  |b Siglo Veintiuno  |c 1985 
650 7 |a HISTORIA 1878-1919  |2 CL-VaPUC  |9 316953 
651 0 |a Europa  |9 255156 
583 |a last modification  |c 19900827 00:00:00  |k Rodrigo Vera 
490 0 |a Historia de Europa 
999 |c 222685  |d 222683 
952 |0 0  |1 0  |4 0  |6 940_280000000000000_STO_1985  |7 0  |8 A  |9 217791  |a BIBHIS  |b BIBHIS  |d 2019-11-15  |i 2866455  |o 940.28 STO 1985  |p 2866455  |r 2025-01-20  |w 2019-11-15  |y BK  |k HIS 
952 |0 0  |1 0  |4 0  |6 940_280000000000000_STO_1985  |7 0  |8 A  |9 217792  |a BIBHIS  |b BIBHIS  |d 2019-11-15  |i 1382381  |o 940.28 STO 1985  |p 1382381  |r 2025-01-20  |w 2019-11-15  |y BK  |k HIS